Anime of the Year (2022) - 9th Anime Trending Awards - Statistics

General Stats
  • This quiz has been taken 13 times
  • The average score is 5 of 18
Answer Stats
Hint Answer Season Source Studio Votes % % Correct
13 Demon Slayer: Kimetsu no Yaiba - Entertainment District Arc 2022 Winter Manga ufotable 2029 1.75%
82%
7 Attack on Titan Final Season Part II 2022 Winter Manga MAPPA 8664 7.47%
73%
8 Chainsaw Man 2022 Fall Manga MAPPA 5745 4.95%
73%
10 Cyberpunk: Edgerunners 2022 Summer Game Trigger 3813 3.29%
45%
5 My Dress-Up Darling 2022 Winter Manga CloverWorks 11707 10.09%
36%
9 SPY x FAMILY 2022 Spring Manga WIT STUDIO, CloverWorks 5243 4.52%
36%
4 Kaguya-sama: Love Is War -Ultra Romantic- 2022 Spring Manga A-1 Pictures 12243 10.55%
27%
6 Mob Psycho 100 III 2022 Fall Web manga Bones 10711 9.23%
27%
1 BOCCHI THE ROCK! 2022 Fall 4-koma manga CloverWorks 16386 14.13%
18%
12 Call of the Night 2022 Summer Manga LIDENFILMS 3015 2.60%
18%
16 Classroom of the Elite II 2022 Summer Light novel Lerche 923 0.80%
18%
15 Ranking of Kings 2021 Fall/ 2022 Winter Web manga WIT Studio 1356 1.17%
18%
18 Akebi's Sailor Uniform 2022 Winter Web manga CloverWorks 262 0.23%
9%
3 Lycoris Recoil 2022 Summer Original A-1 Pictures 13501 11.64%
9%
14 Mobile Suit Gundam: The Witch from Mercury 2022 Fall Original SUNRISE 1652 1.42%
9%
11 SHADOWS HOUSE S2 2022 Summer Manga CloverWorks 3083 2.66%
0%
2 Summer Time Rendering 2022 Spring Manga OLM 15257 13.15%
0%
17 Tomodachi Game 2022 Spring Manga Okuruto Noboru 406 0.35%
0%
No matching quizzes found
Score Distribution
Percent of People with Each Score
Percentile by Number Answered
Your Score History
You have not taken this quiz